000 00819nam a2200217Ia 4500
001 1052
003 GE_BSU
008 181216s||||||||xx |||||||||||||| ||und||
020 _a978576953493
040 _cGE_BSU
100 _aРупперт,Э.Эдвард; Фокс,С Ричард;Баронс,Д.Роберт;
245 _aЗоолоия беспозвоночных.Функциональные и эволюционные аспекты.В 4-х томах.т -3 членистоногие. Учебник.
245 _cПер.с англ. Под.ред. А.А.Добровольского и А.А.И.Грановича.Пер.с англ.
260 _aМосква
260 _bАкадемия
260 _c2008
300 _a487 с.
541 _h80 л.
653 _aЗоология
942 _cBK
999 _c35206
_d35206